Blasco (Record no. 105587)

MARC details
000 -LEADER
campo de control de longitud fija 00833nam a2200253 i 4500
001 - NÚMERO DE CONTROL
campo de control 105587
003 - IDENTIFICADOR DE NÚMERO DE CONTROL
campo de control ES-MaACL
007 - CAMPO FIJO DE DESCRIPCIÓN FÍSICA--INFORMACIÓN GENERAL
campo de control de longitud fija t|
008 - DATOS DE LONGITUD FIJA--INFORMACIÓN GENERAL
campo de control de longitud fija 060726s1963 it ||||1| ita d
080 ## - NÚMERO DE LA CLASIFICACIÓN DECIMAL UNIVERSAL
Número de la Clasificación Decimal Universal 929 Tresso, Pietro
080 ## - NÚMERO DE LA CLASIFICACIÓN DECIMAL UNIVERSAL
Número de la Clasificación Decimal Universal 32(45)"1914/1945"
080 ## - NÚMERO DE LA CLASIFICACIÓN DECIMAL UNIVERSAL
Número de la Clasificación Decimal Universal 329(45) PCI
100 1# - ENTRADA PRINCIPAL--NOMBRE DE PERSONA
Nombre de persona Azzaroni, Alfredo.
9 (RLIN) 24387
245 10 - MENCIÓN DEL TÍTULO
Título Blasco
Resto del título : la riabilitazione di un militante rivoluzionario /
Mención de responsabilidad, etc. Alfredo Azzaroni ; introduzione di Ignazio Silone.
250 ## - MENCION DE EDICION
Mención de edición 2ª ed.
260 ## - PUBLICACIÓN, DISTRIBUCIÓN, ETC.
Lugar de publicación, distribución, etc. Milano :
Nombre del editor, distribuidor, etc. Edizioni Azione Comune,
Fecha de publicación, distribución, etc. 1963.
300 ## - DESCRIPCIÓN FÍSICA
Extensión 99 p. ;
Dimensiones 21 cm.
500 ## - NOTA GENERAL
Nota general Biblioteca Juan Andrade.
600 14 - PUNTO DE ACCESO ADICIONAL DE MATERIA--NOMBRE DE PERSONA
Nombre de persona Tresso, Pietro.
9 (RLIN) 111331
610 27 - PUNTO DE ACCESO ADICIONAL DE MATERIA--NOMBRE DE ENTIDAD CORPORATIVA
Nombre de entidad corporativa o nombre de jurisdicción como elemento de entrada Partito comunista italiano.
9 (RLIN) 6163
651 #4 - PUNTO DE ACCESO ADICIONAL DE MATERIA--NOMBRE GEOGRÁFICO
Nombre geográfico Italia-
Subdivisión general Política y gobierno-
Subdivisión geográfica 1914-1945.
9 (RLIN) 8875
700 1# - ENTRADA AGREGADA--NOMBRE PERSONAL
Nombre de persona Silone, Ignazio.
9 (RLIN) 106355
852 ## - LOCALIZACIÓN
Ubicación ES-MaACL
Número de control de estantería AND-402
Sublocalización o colección R.109706
Holdings
Estatus retirado Estado de pérdida Estado de daño No para préstamo Biblioteca de origen Biblioteca actual Ubicación en estantería Fecha de adquisición Fuente de adquisición Total de préstamos Signatura topográfica completa Código de barras Visto por última vez Precio de reemplazo Tipo de ítem Koha
        Biblioteca del Ateneo de Madrid Biblioteca del Ateneo de Madrid Depósito 2 17/01/2008     AND-402 1110237 23/02/2023 23/02/2023 Libro impreso